লোডিং...

The new imperial histories reader

গ্রন্থ-পঞ্জীর বিবরন
প্রধান লেখক: Howe, Stephen Ed
বিন্যাস: Printed Book
প্রকাশিত: Routledge, London 2010
বিষয়গুলি:
LEADER 00404nam a2200157 4500
082
100 |a Howe, Stephen Ed. 
245 |a The new imperial histories reader  |c Howe, Stephen Ed. 
250
260 |a Routledge, London  |c 2010 
300
490
650 |a History of education 
942 |c BK 
999 |c 192585  |d 192585 
952 |0 0  |1 0  |4 0  |7 0  |9 205934  |a ISL  |b ISL  |l 0  |p ISL06361  |r 2019-10-28  |w 2019-10-28  |y BK